Normal view
MARC view
- International Centre for Protected Landscapes
Entry Corporate Name
001 - CONTROL NUMBER
- control field: 5753
003 - CONTROL NUMBER IDENTIFIER
- control field: SIRSI
005 - DATE AND TIME OF LATEST TRANSACTION
- control field: 20190806150245.0
008 - FIXED-LENGTH DATA ELEMENTS
- fixed length control field: 090619n| acannaabn |n ana d
040 ## - CATALOGING SOURCE
- Original cataloging agency: OSt
- Transcribing agency: OSt
110 2# - HEADING--CORPORATE NAME
- Corporate name or jurisdiction name as entry element: International Centre for Protected Landscapes
670 ## - SOURCE DATA FOUND
- Source citation: Identifying good practice from countries implementing the European Landscape Convention, 2009